| 000 | 00617nam a2200241Ia 4500 | ||
|---|---|---|---|
| 003 | OSt | ||
| 005 | 20221005072954.0 | ||
| 006 | a|||||r|||| 00| 0 | ||
| 007 | ta | ||
| 008 | 221004b |||||||| |||| 00| 0 eng d | ||
| 024 | _a46543 | ||
| 037 | _cTextual | ||
| 040 |
_aCRL _cCRL _beng |
||
| 041 |
_2eng _aeng |
||
| 082 | _aO111,6xN, N0 | ||
| 100 | _aWasi Muriel | ||
| 245 | 0 | _aTwelve English essays | |
| 260 |
_aNew Delhi _bFrank Brothers India _c1990 |
||
| 300 |
_a146p. _ccm. |
||
| 650 | _aENGLISH LITERATURE | ||
| 942 |
_hO111,6xN, N0 _cTEXL _2cc |
||
| 999 |
_c980324 _d980324 |
||